[Event "Gatineau Outaouais op U1500"]
[Site "Gatineau"]
[Date "2014.06.10"]
[Round "3"]
[White "Bolduc, Olivier"]
[Black "Gervais, Marcel"]
[Result "1-0"]
[WhiteElo "1363"]
[BlackElo "1333"]
[PlyCount "63"]
[EventDate "2014.06.06"]
[EventType "swiss"]
[EventRounds "5"]
[EventCountry "CAN"]
[SourceTitle "EXT 2022"]
[Source "ChessBase"]
[SourceDate "2021.10.06"]
[SourceVersion "1"]
[SourceVersionDate "2021.10.06"]
[SourceQuality "1"]

1. d4 d5 2. c4 Nc6 3. cxd5 Qxd5 4. Nc3 Qxd4 5. Bd2 Nf6 6. Nf3 Qd8 7. e3 e6 8. Bb5 Bd7 9. 0-0 Be7 10. a3 0-0 11. Qc2 Bd6 12. Bd3 Ne5 13. Nxe5 Bxe5 14. f4 Bd6 15. Ne4 Nxe4 16. Bxe4 Bb5 17. Bxh7+ Kh8 18. Rf3 f5 19. Rh3 g6 20. Bxg6+ Kg7 21. Rg3 Kh6 22. Qd1 Qh4 23. Rg5 Qxg5 24. fxg5+ Kxg6 25. h4 Rh8 26. Be1 Bc6 27. g4 Be4 28. Qd4 Be7 29. Bc3 Rag8 30. Qe5 Bxg5 31. Qxe6+ Kh7 32. Qf7+ 1-0

[Event "Quebec-ch Senior"]
[Site "Montreal"]
[Date "2014.02.09"]
[Round "5"]
[White "Desjardins, Raymond"]
[Black "Gervais, Marcel"]
[Result "0-1"]
[WhiteElo "1098"]
[BlackElo "1274"]
[PlyCount "48"]
[EventDate "2014.02.07"]
[EventType "swiss"]
[EventRounds "5"]
[EventCountry "CAN"]
[SourceTitle "EXT 2022"]
[Source "ChessBase"]
[SourceDate "2021.10.06"]
[SourceVersion "1"]
[SourceVersionDate "2021.10.06"]
[SourceQuality "1"]

1. d4 d5 2. c4 Nc6 3. e3 Nf6 4. Nc3 Bf5 5. Bd3 Bxd3 6. Qxd3 e5 7. Nge2 Nb4 8. Qd1 dxc4 9. dxe5 Qxd1+ 10. Nxd1 Nc2+ 11. Kf1 0-0-0 12. Nec3 Nxa1 13. exf6 gxf6 14. f4 Nc2 15. Nf2 f5 16. Nh3 h6 17. Ke2 Bc5 18. Nf2 Rhe8 19. Ncd1 Nb4 20. a3 Nd3 21. Bd2 Nxf4+ 22. Kf3 Rxd2 23. exf4 Bxf2 24. Nxf2 Ree2 0-1